000 00385nam a2200157Ia 4500
005 20250423095202.0
008 250422s9999 xx 000 0 und d
020 _a1-405-01294-3
100 _aEmmerson, Paul
245 0 _aEmail english : includes phrase bank of useful expressions
260 _bMacmillan
260 _c2004
300 _a96 p
650 _aEnglish
942 _cBK
999 _c29504
_d29504